El proceso de creación de "Los fabricantes de héroes se reunen a comer" de Matilla y López Mozo / (Record no. 22261)

MARC details
000 -LEADER
campo de control de longitud fija 00786nam a2200217 i 4500
001 - NÚMERO DE CONTROL
campo de control 22261
003 - IDENTIFICADOR DE NÚMERO DE CONTROL
campo de control ES-MaACL
005 - FECHA Y HORA DE LA ÚLTIMA TRANSACCIÓN
campo de control 20250824061153.0
007 - CAMPO FIJO DE DESCRIPCIÓN FÍSICA--INFORMACIÓN GENERAL
campo de control de longitud fija t|
008 - DATOS DE LONGITUD FIJA--INFORMACIÓN GENERAL
campo de control de longitud fija 021202s1978 sp ||||1| spa d
100 1# - ENTRADA PRINCIPAL--NOMBRE DE PERSONA
Nombre de persona Aliaga, José Antonio.
9 (RLIN) 19919
245 13 - MENCIÓN DEL TÍTULO
Título El proceso de creación de "Los fabricantes de héroes se reunen a comer" de Matilla y López Mozo /
Mención de responsabilidad, etc. José Antonio Aliaga, César Oliva.
250 ## - MENCION DE EDICION
Mención de edición [1ª ed.].
260 ## - PUBLICACIÓN, DISTRIBUCIÓN, ETC.
Lugar de publicación, distribución, etc. Murcia :
Nombre del editor, distribuidor, etc. Ediciones 23-27,
Fecha de publicación, distribución, etc. [1978]
300 ## - DESCRIPCIÓN FÍSICA
Extensión 117 p. ;
Dimensiones 22 cm.
490 1# - MENCIÓN DE SERIE
Mención de serie Cuadernos Cátedra de teatro. Universidad de Murcia
700 1# - ENTRADA AGREGADA--NOMBRE PERSONAL
Nombre de persona Oliva, César.
9 (RLIN) 86726
830 00 - PUNTO DE ACCESO ADICIONAL DE SERIE-TÍTULO UNIFORME
Título uniforme Cuadernos de la Cátedra de Teatro de la Universidad de Murcia
9 (RLIN) 182622
852 ## - LOCALIZACIÓN
Ubicación ES-MaACL
Número de control de estantería A-9812
Sublocalización o colección R.98538
Holdings
Estatus retirado Estado de pérdida Estado de daño No para préstamo Biblioteca de origen Biblioteca actual Ubicación en estantería Fecha de adquisición Fuente de adquisición Total de préstamos Signatura topográfica completa Código de barras Visto por última vez Precio de reemplazo Tipo de ítem Koha
        Biblioteca del Ateneo de Madrid Biblioteca del Ateneo de Madrid Depósito 1 17/01/2008     A-9812 1022914 23/02/2023 23/02/2023 Libro impreso